Governor Juan F. Luis Hospital and Medical Center, Christiansted, St. Croix, United States Virgin Islands /

Bibliographic Details
Main Author: Esswein, Eric J.
Corporate Author: National Institute for Occupational Safety and Health
Other Authors: Kawamoto, Melody
Format: Government Document Book
Language:English
Published: [Atlanta, Ga.] : U.S. Dept. of Health and Human Services, Public Health Service, Centers for Disease Control and Prevention, National Institute for Occupational Safety and Health ; [1999]
Series:NIOSH health hazard evaluation report ; HETA 98-0010-2730.
Subjects:

MARC

Tag First Indicator Second Indicator Subfields
LEADER 00000cam a2200000 a 4500
001 in00000005646
005 20150929180021.0
008 990915s1999 gau b f000 0 eng d
035 |a (OCoLC)42374344 
035 |9 AJK6376AM 
040 |a DGPO  |c DGPO  |d DLC  |d MvI  |d UtOrBLW 
043 |a nwvi--- 
049 |a UMIC 
074 |a 0499-F-16 
086 0 |a HE 20.7125/2:97-0010-2730 
100 1 |a Esswein, Eric J. 
245 1 0 |a Governor Juan F. Luis Hospital and Medical Center, Christiansted, St. Croix, United States Virgin Islands /  |c Eric J. Esswein, Melody Kawamoto. 
264 1 |a [Atlanta, Ga.] :  |b U.S. Dept. of Health and Human Services, Public Health Service, Centers for Disease Control and Prevention, National Institute for Occupational Safety and Health ;  |c [1999] 
264 2 |a [Springfield, Va.] :  |b [National Technical Information Service, distributor], 
300 |a iv, 27 pages ;  |c 28 cm. 
336 |a text  |b txt  |2 rdacontent 
337 |a unmediated  |b n  |2 rdamedia 
338 |a volume  |b nc  |2 rdacarrier 
490 1 |a NIOSH health hazard evaluation report ;  |v HETA 98-0010-2730 
500 |a Shipping list number: 99-0355-P. 
500 |a "March 1999"--P. iii. 
504 |a Includes bibliographical references (pages 14-18). 
650 0 |a Air  |x Pollution  |z Saint Croix (V.I.) 
700 1 |a Kawamoto, Melody. 
710 2 |a National Institute for Occupational Safety and Health. 
830 0 |a NIOSH health hazard evaluation report ;  |v HETA 98-0010-2730. 
999 |a MARS 
999 f f |s 8718ed8a-883e-3114-8beb-8924795d5177  |i 06dca850-3fe7-3fdb-b471-fcc394161554  |t 0 
952 f f |p normal  |a Texas A&M University  |b College Station  |c Sterling C. Evans Library  |d Evans: US Documents (Annex 5th floor)  |t 0  |e HE 20.7125/2:97-0010-2730  |h Superintendent of Documents classification  |i unmediated -- volume  |m A14838417929 
998 f f |a HE 20.7125/2:97-0010-2730  |t 0  |l Evans: US Documents (Annex 5th floor)